A Handbook of Mineral Dressing / (Record no. 2905)
[ view plain ]
| 000 -LEADER | |
|---|---|
| fixed length control field | 00755nac a22002051u 4500 |
| 008 - FIXED-LENGTH DATA ELEMENTS--GENERAL INFORMATION | |
| fixed length control field | 100906t xxu||||| |||| 00| 0 eng d |
| 020 ## - INTERNATIONAL STANDARD BOOK NUMBER | |
| International Standard Book Number | 8125909915 |
| 082 ## - DEWEY DECIMAL CLASSIFICATION NUMBER | |
| Classification number | 622.7 |
| Item number | VIJ |
| 100 ## - MAIN ENTRY--PERSONAL NAME | |
| Personal name | Vijayendra ,H.g. |
| 9 (RLIN) | 18110 |
| 245 ## - TITLE STATEMENT | |
| Title | A Handbook of Mineral Dressing / |
| Statement of responsibility, etc | H.G.Vijayendra. |
| 250 ## - EDITION STATEMENT | |
| Edition statement | 2nd: |
| Remainder of edition statement | Revised ed. |
| 260 ## - PUBLICATION, DISTRIBUTION, ETC. (IMPRINT) | |
| Place of publication, distribution, etc | Delhi: |
| Name of publisher, distributor, etc | Vikas Publishing House, |
| Date of publication, distribution, etc | 2001 |
| 300 ## - PHYSICAL DESCRIPTION | |
| Extent | 340 p.: |
| Other physical details | ill. ; |
| Dimensions | 22 cm. |
| 504 ## - BIBLIOGRAPHY, ETC. NOTE | |
| Bibliography, etc | Includes Index. |
| 511 ## - PARTICIPANT OR PERFORMER NOTE | |
| Participant or performer note | catalogued by: wessam |
| 650 ## - SUBJECT ADDED ENTRY--TOPICAL TERM | |
| Topical term or geographic name as entry element | Ore-dressing. |
| 9 (RLIN) | 18111 |
| 700 ## - ADDED ENTRY--PERSONAL NAME | |
| Personal name | Vijayendra ,H.g. |
| 9 (RLIN) | 18112 |
| 942 ## - ADDED ENTRY ELEMENTS (KOHA) | |
| Item type | Book - Borrowing |
| Call number prefix | 622.7 VIJ |
| Source of classification or shelving scheme | Dewey Decimal Classification |
| Withdrawn status | Item status | Source of classification or shelving scheme | Damaged status | Not for loan | Vendor | Home library | Current library | Shelving location | Date acquired | Source of acquisition | Cost, normal purchase price | Total Checkouts | Full call number | Barcode | Date last seen | Date last borrowed | Cost, replacement price | Koha item type |
|---|---|---|---|---|---|---|---|---|---|---|---|---|---|---|---|---|---|---|
| Dewey Decimal Classification | Alahram | Central Library | Central Library | First floor | 06/09/2010 | 60.00 | 2 | 622.7VIJ | 000001373 | 15/07/2025 | 19/12/2012 | 75.00 | Book - Borrowing | |||||
| Dewey Decimal Classification | Central Library | Central Library | First floor | 28/05/2008 | 60.00 | 622.7VIJ | 000011730 | 15/07/2025 | 75.00 | NB - Book (Non borrowing) |